Estados de EE. UU. Al Azar: Sin Vocales - Estadísticas

Estadísticas generales
  • Esta prueba ha sido intentada 28 veces
  • La puntuación promedio es 10 de 10
Estadísticas de respuestas
Hint Respuesta % Correcto
LBM Alabama
100%
LSK Alaska
100%
ARZN Arizona
100%
RKNSS Arkansas
100%
CLFRN California
100%
CRLN DL NRT Carolina del Norte
100%
CRLN DL SR Carolina del Sur
100%
CLRD Colorado
100%
CNNCTCT Connecticut
100%
DKT DL NRT Dakota del Norte
100%
DKT DL SR Dakota del Sur
100%
DLWR Delaware
100%
FLRD Florida
100%
GRG Georgia
100%
HW Hawái
100%
DH Idaho
100%
LLNS Illinois
100%
KNSS Kansas
100%
KNTCK Kentucky
100%
MRLND Maryland
100%
MSSCHSTTS Massachusetts
100%
MCHGN Míchigan
100%
MNNST Minnesota
100%
MSSP Misisipi
100%
MSR Misuri
100%
MNTN Montana
100%
NBRSK Nebraska
100%
NVD Nevada
100%
NV JRS Nueva Jersey
100%
NV YRK Nueva York
100%
NV HMPSHR Nuevo Hampshire
100%
NV MXC Nuevo México
100%
KLHM Oklahoma
100%
RGN Oregón
100%
PNSLVN Pensilvania
100%
RHD SLND Rhode Island
100%
TNNSS Tennessee
100%
TXS Texas
100%
VRMNT Vermont
100%
VRGN Virginia
100%
VRGN CCDNTL Virginia Occidental
100%
WSHNGTN Washington
100%
WSCNSN Wisconsin
100%
WMNG Wyoming
100%
MN Maine
75%
H Ohio
75%
NDN Indiana
67%
W Iowa
50%
TH Utah
50%
LSN Luisiana
33%
No se encontraron pruebas coincidentes
Distribución de puntuación
Porcentaje de gente con cada puntuación
Porcentaje por número respondido
Historial de tus puntuaciones
No has intentado esta prueba.